| 000 | 00799ctm a22002175a 4500 | ||
|---|---|---|---|
| 001 | L141062 | ||
| 008 | 071026s1872 xxk eng u | ||
| 035 | _a(Sirsi) u141062 | ||
| 041 | 0 | _aeng | |
| 100 | 1 | _aCollier, J. C. | |
| 245 | 0 | 3 |
_aAn inventory of the furniture and other effects in Westbrook House Godalming the property of G. I. Hull Esq. as let to John Holms Esq. M.P. from 24th July to 25 Sept. 1872 _h[manuscript] |
| 260 | _c1872 | ||
| 300 |
_a77 p. _c18 cm. + _e2 sheets (25 x 20 cm.) |
||
| 340 | _aManuscript | ||
| 351 | _cSingle item | ||
| 500 | _aItem is in a fragile condition. | ||
| 500 | _aItem is accompanied by a letter from the donor dated 16 November 1964, and an acknowledgement letter of 18 November 1964. | ||
| 651 | 4 | _aSurrey | |
| 690 | _aPROPERTY | ||
| 942 | _n0 | ||
| 999 |
_c116563 _d116563 |
||